000 00480nam a22002297a 4500
003 UA-OsUOA
001 33048
007 ta
008 20050303b un ||||| |||| 00| 0 ukr d
090 _a94(477)
_bИ90
942 _cBK
040 _aUA-OsUOA
_brus
_cUA-OsUOA
_dUA-OsUOA
245 _cРед. П. П.Гудзенко
300 _a898 с.
955 _a0
041 _arus
080 _a94(477)
260 _c1969
044 _aUA
650 7 _2UDC
999 _c319505
_d319505